000 01259nam a2200217Ia 4500
008 081213s9999 xx 000 0 und d
020 _a0687192102
050 _aBS491.2
_b.I68 1955
245 _aThe Interpreter's Bible :
_bthe holy scriptures in king James and revised standard versions with general articles and introduction, exegesis, exposition for each book of the Bible : in twelve volumes . The books of Psalms and Proverbs
_cedited by George Arthur Buttrick ... [et al]
260 _c1955
_aNashvile
_bAbingdon
300 _bill.
_aix, 957 p. ;
440 _aThe Interpreter's Bible
_vvol.4
650 _aBible -- Commentaries
700 _aBowie, Walter Russel
_ced.
700 _aScherer, Paul
_ced.
700 _aKnox, John
_ced.
942 _cBK
_2lcc
999 _c30376
_d30376